[Event "CHN-ch Gp-B (Women)"]
[Site "Liaocheng"]
[Date "2024.04.26"]
[Round "11"]
[White "Xu, Mingwei"]
[Black "Guo, Hanxi"]
[Result "1/2-1/2"]
[WhiteElo "2037"]
[BlackElo "1699"]
[PlyCount "82"]
[EventDate "2024.04.21"]
[EventType "swiss"]
[EventRounds "11"]
[EventCountry "CHN"]
[SourceTitle "CB18_2024"]
[SourceDate "2024.05.01"]
[SourceVersion "1"]
[SourceVersionDate "2024.05.01"]
[SourceQuality "2"]

1. e4 c5 2. Nf3 Nc6 3. Bb5 e6 4. d4 cxd4 5. Nxd4 Nge7 6. 0-0 Qb6 7. Nxc6 bxc6 8. Be2 Ng6 9. c4 Be7 10. Nc3 0-0 11. Qc2 Bb7 12. Be3 Qc7 13. Rfd1 Rfd8 14. Rac1 e5 15. a3 Nf8 16. Bg4 Ne6 17. Ne2 d6 18. Ng3 c5 19. Nf5 Bf6 20. Qd3 Nd4 21. b4 Bc6 22. b5 Bd7 23. Bd2 Bxf5 24. exf5 d5 25. cxd5 Rxd5 26. Bf3 Nxf3+ 27. Qxf3 Rad8 28. Be3 e4 29. Qg4 Rxd1+ 30. Rxd1 Rxd1+ 31. Qxd1 Bd4 32. g3 Bxe3 33. fxe3 h6 34. Qd5 Qa5 35. Qxc5 Qe1+ 36. Kg2 Qe2+ 37. Kg1 Qe1+ 38. Kg2 Qe2+ 39. Kg1 Qd1+ 40. Kg2 Qe2+ 41. Kg1 Qe1+ 1/2-1/2

[Event "CHN-ch Gp-B (Women)"]
[Site "Liaocheng"]
[Date "2024.04.23"]
[Round "6"]
[White "Tong, Yiyi"]
[Black "Xu, Mingwei"]
[Result "1/2-1/2"]
[WhiteElo "1591"]
[BlackElo "2037"]
[PlyCount "120"]
[EventDate "2024.04.21"]
[EventType "swiss"]
[EventRounds "11"]
[EventCountry "CHN"]
[SourceTitle "CB18_2024"]
[SourceDate "2024.05.01"]
[SourceVersion "1"]
[SourceVersionDate "2024.05.01"]
[SourceQuality "2"]

1. d4 d5 2. c4 e6 3. Nc3 h6 4. Bf4 Bd6 5. Bg3 Nf6 6. e3 0-0 7. Bh4 c6 8. Nf3 Nbd7 9. Bd3 dxc4 10. Bxc4 b5 11. Bd3 Bb7 12. 0-0 a6 13. Ne4 Be7 14. Bxf6 Nxf6 15. Nxf6+ Bxf6 16. Rc1 Rc8 17. Be4 Qb6 18. Qc2 Rfd8 19. Rfd1 Be7 20. Ne5 c5 21. Bxb7 Qxb7 22. dxc5 Rxd1+ 23. Qxd1 Rxc5 24. Rxc5 Bxc5 25. Qd8+ Kh7 26. Qd3+ g6 27. f3 Qc7 28. Ng4 Be7 29. Qd2 f5 30. Nf2 Qd6 31. Nd3 Bd8 32. g3 Qd5 33. Kf2 Bb6 34. a3 g5 35. Qe2 a5 36. h3 h5 37. Kg2 g4 38. hxg4 hxg4 39. Nf4 Qc6 40. Kf2 e5 41. Ng2 Qxf3+ 42. Qxf3 gxf3 43. Kxf3 Kg6 44. Ne1 e4+ 45. Kf2 Kg5 46. Nc2 Kg4 47. b4 a4 48. Kg2 Bc7 49. Nd4 Bxg3 50. Nxb5 Be5 51. Kf2 Kg5 52. Na7 Bb2 53. Nc8 Bxa3 54. Nb6 Bxb4 55. Nxa4 Bd2 56. Nb2 Kg4 57. Nc4 Bb4 58. Ne5+ Kg5 59. Ke2 Bc5 60. Nd7 Bxe3 1/2-1/2

[Event "CHN-ch Gp-B (Women)"]
[Site "Liaocheng"]
[Date "2024.04.23"]
[Round "5"]
[White "Xu, Mingwei"]
[Black "Yu, Xilei"]
[Result "0-1"]
[WhiteElo "2037"]
[BlackElo "1676"]
[PlyCount "106"]
[EventDate "2024.04.21"]
[EventType "swiss"]
[EventRounds "11"]
[EventCountry "CHN"]
[SourceTitle "CB18_2024"]
[SourceDate "2024.05.01"]
[SourceVersion "1"]
[SourceVersionDate "2024.05.01"]
[SourceQuality "2"]

1. e4 c5 2. Nf3 Nc6 3. Bb5 g6 4. 0-0 Bg7 5. c3 Nf6 6. e5 Nd5 7. d4 cxd4 8. cxd4 0-0 9. Nc3 Nc7 10. Be2 d6 11. Bf4 d5 12. Qd2 Bg4 13. h3 Bxf3 14. Bxf3 e6 15. Rac1 Rc8 16. Ne2 Na8 17. h4 Qa5 18. Nc3 Qb4 19. Rfd1 Nb6 20. b3 Rc7 21. Qd3 a6 22. Ne2 Rfc8 23. Bg5 Qa3 24. Qb1 Nb4 25. Rxc7 Rxc7 26. Bd8 Rc6 27. Rc1 Nc8 28. Rxc6 Nxc6 29. Bg5 N8a7 30. Bc1 Qb4 31. Bb2 Nb5 32. Qd1 Bh6 33. Qd3 Qe1+ 34. Kh2 Qxf2 35. Kh3 Be3 36. a4 Nbxd4 37. Bxd4 Bxd4 38. Nxd4 Qxd4 39. Qxd4 Nxd4 40. Bd1 Nc6 41. Kg4 Nxe5+ 42. Kf4 Nc6 43. h5 Kg7 44. hxg6 hxg6 45. Kg5 f6+ 46. Kf4 g5+ 47. Ke3 Kg6 48. g4 f5 49. gxf5+ Kxf5 50. Bc2+ Ke5 51. Bd1 d4+ 52. Kd3 Kd5 53. Bg4 Ne5+ 0-1

[Event "CHN-ch Gp-B (Women)"]
[Site "Liaocheng"]
[Date "2024.04.22"]
[Round "3"]
[White "Xu, Mingwei"]
[Black "Pian, Junyao"]
[Result "1-0"]
[WhiteElo "2037"]
[BlackElo "1717"]
[PlyCount "61"]
[EventDate "2024.04.21"]
[EventType "swiss"]
[EventRounds "11"]
[EventCountry "CHN"]
[SourceTitle "CB18_2024"]
[SourceDate "2024.05.01"]
[SourceVersion "1"]
[SourceVersionDate "2024.05.01"]
[SourceQuality "2"]

1. e4 c5 2. Nf3 d6 3. d4 cxd4 4. Qxd4 Nc6 5. Qe3 g6 6. Be2 Bg7 7. h3 Nf6 8. 0-0 Qc7 9. c4 b6 10. Nc3 0-0 11. Rb1 Na5 12. b3 Ba6 13. Bb2 Qc5 14. Qd2 Rfd8 15. Bd3 e6 16. Rfe1 Nd7 17. Na4 Qc7 18. Bxg7 Kxg7 19. b4 Nxc4 20. Qc3+ Nde5 21. b5 Rac8 22. bxa6 Qd7 23. Bxc4 Qxa4 24. Nxe5 dxe5 25. Qxe5+ f6 26. Bb5 Qxa2 27. Qb2 Qa5 28. Qb4 Qa2 29. Rb2 Qa5 30. Qxa5 bxa5 31. Bf1 1-0